Normal view MARC view

Entry Personal Name

Number of records used in: 2

001 - CONTROL NUMBER

  • control field: 169030

003 - CONTROL NUMBER IDENTIFIER

  • control field: OSt

005 - DATE AND TIME OF LATEST TRANSACTION

  • control field: 20220923230455.0

008 - FIXED-LENGTH DATA ELEMENTS

  • fixed length control field: 220923|| aca||aabn | a|a d

040 ## - CATALOGING SOURCE

  • Original cataloging agency: OSt
  • Transcribing agency: OSt

100 ## - HEADING--PERSONAL NAME

  • Personal name: ਏ ਕੋਜ਼ਦਰਾਤੋਵ

670 ## - SOURCE DATA FOUND

  • Source citation: Work cat.: (OSt)385079: ਏ ਕੋਜ਼ਦਰਾਤੋਵ, ਆਵਾਗ਼ਾਂ ਤੇ ਚਿੰਨ੍ਹ, 1970
Copyright @ Delhi University Library System